Η ποινική καταστολή : μεταξύ παρελθόντος και μέλλοντος
Saved in:
| Main Author: | |
|---|---|
| Format: | Book |
| Language: | Greek |
| Published: |
Αθήνα - Κομοτηνή :
Αντ. Ν. Σακκούλα,
1985
|
| Subjects: | |
| Tags: |
Add Tag
No Tags, Be the first to tag this record!
|
MARC
| LEADER | 00000cam a2200000 i 4500 | ||
|---|---|---|---|
| 001 | 1/105269 | ||
| 008 | 950619s1985 gre d | ||
| 035 | |l 10013605 | ||
| 040 | |a GR-MY-UA |b gre |e aacr | ||
| 041 | 0 | |a gre | |
| 082 | 0 | |a 364.94 | |
| 100 | 1 | |a Κουράκης, Νέστωρ Ε., |d 1947- | |
| 245 | 1 | 2 | |a Η ποινική καταστολή : |b μεταξύ παρελθόντος και μέλλοντος / |c Νέστωρ Ε. Κουράκης |
| 260 | |a Αθήνα - Κομοτηνή : |b Αντ. Ν. Σακκούλα, |c 1985 | ||
| 300 | |a ιε', 362 σ. |b εικ., πίν. | ||
| 504 | |a Ευρετήριο: σ.350-354 | ||
| 650 | 0 | 0 | |a Criminal law |z Europe |x History. |
| 650 | 0 | 0 | |a Criminology. |
| 650 | 0 | 0 | |a Criminal justice, Administration of. |
| 852 | |a INST |b LESVOS |e 19950619 |h 364.94 ΚΟΥ |p 005100000085 |q 005100000085 |t BK |y 0 | ||
| 909 | |a Λ |b 018416 | ||
| 970 | |z 2000/05/ΟΙΚΟΝΟΜΟΠΟΥΛΟΥ ΧΡΙΣΤΙΝΑ | ||